International magnetospheric study 1976-1977 (Record no. 8235)

MARC details
000 -LEADER
fixed length control field 00595nam a2200169Ia 4500
003 - CONTROL NUMBER IDENTIFIER
control field IN-BaIIA
008 - FIXED-LENGTH DATA ELEMENTS--GENERAL INFORMATION
fixed length control field 211028s9999 xx 000 0 eng d
040 ## - CATALOGING SOURCE
Transcribing agency IIA Library
080 ## - UNIVERSAL DECIMAL CLASSIFICATION NUMBER
Universal Decimal Classification number 523.7
Item number ICSU
110 ## - MAIN ENTRY--CORPORATE NAME
Corporate name or jurisdiction name as entry element International council of scientific unions special committee
9 (RLIN) 13816
245 #0 - TITLE STATEMENT
Title International magnetospheric study 1976-1977
Statement of responsibility, etc. International council of scientific unions special committee
260 ## - PUBLICATION, DISTRIBUTION, ETC.
Place of publication, distribution, etc. Colorado
Name of publisher, distributor, etc. World Data Center
Date of publication, distribution, etc. 1978
300 ## - PHYSICAL DESCRIPTION
Extent [various pagings.]
650 ## - SUBJECT ADDED ENTRY--TOPICAL TERM
Topical term or geographic name entry element Astronomy and astrophysics thesaurus
650 ## - SUBJECT ADDED ENTRY--TOPICAL TERM
Topical term or geographic name entry element Solar terrestrial physics
9 (RLIN) 5220
942 ## - ADDED ENTRY ELEMENTS (KOHA)
Koha item type Books
Holdings
Withdrawn status Lost status Damaged status Not for loan Home library Current library Shelving location Date acquired Total Checkouts Full call number Barcode Date last seen Price effective from Koha item type
        IIA Library-Bangalore IIA Library-Bangalore General Stacks 22/04/1985   523.7/ ICSU 9076 05/11/2021 22/04/1985 Books

Powered by Koha